[Event "Hannibal Online op U14"]
[Site "Chess.com INT"]
[Date "2020.06.05"]
[Round "5"]
[White "Tashkinova, Sofiia"]
[Black "Giugiuc, Andrei Calin"]
[Result "1/2-1/2"]
[WhiteElo "1788"]
[BlackElo "1395"]
[PlyCount "116"]
[EventDate "2020.06.01"]
[EventType "swiss"]
[EventRounds "9"]
[EventCountry "MDA"]
[SourceTitle "CBM 196 Extra"]
[Source "ChessBase"]
[SourceDate "2020.07.31"]
[SourceVersion "1"]
[SourceVersionDate "2020.07.31"]
[SourceQuality "1"]

1. e4 Nc6 2. d4 d5 3. e5 Bf5 4. Nf3 e6 5. c3 Nge7 6. Nh4 h6 7. Nxf5 Nxf5 8. Bd3 Nce7 9. 0-0 g5 10. Na3 Bg7 11. Nc2 0-0 12. Ne3 Nxe3 13. Bxe3 c5 14. Rc1 Rc8 15. Bb1 cxd4 16. cxd4 Qb6 17. Qd2 Rc6 18. Rxc6 Nxc6 19. f4 f6 20. Qd3 f5 21. Qd2 g4 22. Kh1 Na5 23. b3 Rc8 24. h3 h5 25. Bd3 Bf8 26. Qf2 Be7 27. Rd1 Qd8 28. Qd2 Nc6 29. Bb1 Bb4 30. Qf2 Qe7 31. hxg4 hxg4 32. g3 Kg7 33. Kg2 Rh8 34. Rh1 Rxh1 35. Kxh1 Qf7 36. Qh2 Qg6 37. Kg2 Qh6 38. Qxh6+ Kxh6 39. Kf1 Bc3 40. Ke2 Nxd4+ 41. Kd3 Nb5 42. a4 Na3 43. Kxc3 Nxb1+ 44. Kb2 d4 45. Bxd4 Nd2 46. Bf2 a6 47. Kc2 Ne4 48. Be1 Kg7 49. Kd3 Kf7 50. Kc4 Ke7 51. b4 b6 52. b5 a5 53. Kb3 Kd7 54. Ka3 Kc7 55. Kb3 Nc5+ 56. Ka3 Ne4 57. Kb3 Nc5+ 58. Ka3 Ne4 1/2-1/2

[Event "FISCA Online U14 op"]
[Site "Chess.com INT"]
[Date "2020.05.13"]
[Round "5"]
[White "Popa, Eduard Gabriel"]
[Black "Giugiuc, Andrei Calin"]
[Result "1/2-1/2"]
[WhiteElo "1026"]
[BlackElo "1395"]
[PlyCount "99"]
[EventDate "2020.05.09"]
[EventType "swiss"]
[EventRounds "9"]
[EventCountry "ROU"]
[SourceTitle "EXT 2021"]
[Source "ChessBase"]
[SourceDate "2020.10.23"]
[SourceVersion "1"]
[SourceVersionDate "2020.10.23"]
[SourceQuality "1"]

1. e4 c6 2. Nf3 d5 3. exd5 cxd5 4. d4 Nf6 5. Nc3 e6 6. Bf4 a6 7. a3 Qb6 8. Rb1 Bd6 9. Bg3 Nbd7 10. Bd3 0-0 11. Bxd6 Qxd6 12. 0-0 Nb6 13. Ne5 Bd7 14. Re1 Na4 15. Nxd7 Qxd7 16. Nxa4 Qxa4 17. c3 Qxd1 18. Rbxd1 Rac8 19. f3 g6 20. a4 Rc7 21. h3 Nh5 22. Kf2 Nf4 23. Bf1 Nh5 24. g4 Nf6 25. Ke3 Nd7 26. Bd3 Nb6 27. Ra1 Nc4+ 28. Bxc4 Rxc4 29. a5 Rb8 30. f4 Re8 31. Kd3 Kf8 32. f5 Ke7 33. fxe6 fxe6 34. Re5 Rf8 35. Rae1 Rf3+ 36. Kc2 Rf2+ 37. Kb3 Rc6 38. Rxd5 b6 39. Ka2 bxa5 40. Rxa5 Rb6 41. Rb1 Rh2 42. Rc5 Kd7 43. Ka3 Rxh3 44. g5 Rc6 45. Rxc6 Kxc6 46. Re1 Kd6 47. Re5 Rg3 48. Kb4 Rf3 49. b3 Rf5 50. Ra5 1/2-1/2